[Event "Abierto"]
[Site "Berazategui ARG"]
[Date "2007.04.22"]
[Round "6"]
[White "Iermito, Sebastian"]
[Black "Kovalyov, Anton"]
[Result "1/2-1/2"]
[WhiteElo "2316"]
[BlackElo "2483"]
[PlyCount "175"]
[GameId "2129405105449782"]
[EventDate "2007.04.18"]
[EventType "swiss"]
[EventRounds "7"]
[EventCountry "ARG"]
[SourceTitle "The Week in Chess 651"]
[Source "Mark Crowther"]
[SourceDate "2007.04.30"]
[SourceVersion "1"]
[SourceVersionDate "2007.04.30"]
[SourceQuality "2"]

1. d4 Nf6 2. c4 e6 3. Nf3 b6 4. g3 Ba6 5. Nbd2 Bb4 6. Bg2 Bxc4 7. Qa4 Bxd2+ 8. Nxd2 Bd5 9. e4 Bb7 10. O-O O-O 11. b3 d6 12. Rd1 e5 13. dxe5 dxe5 14. Ba3 Re8 15. Nc4 Qc8 16. Rac1 Nc6 17. Bb2 Qe6 18. Ne3 Red8 19. Nd5 Ne8 20. Re1 Rd7 21. Bf1 a6 22. Red1 b5 23. Qa3 Rad8 24. Bg2 Rd6 25. Bc3 h6 26. h4 Nd4 27. Bxd4 exd4 28. Rxd4 Qe5 29. Rdd1 c6 30. Ne3 Rxd1+ 31. Rxd1 Rxd1+ 32. Nxd1 c5 33. Qb2 Qe7 34. e5 Bxg2 35. Kxg2 Nc7 36. Ne3 Ne6 37. Qc2 Qb7+ 38. Kg1 Qc6 39. Nf5 Qf3 40. Nd6 c4 41. bxc4 Nd4 42. Qb2 Ne2+ 43. Kf1 Nxg3+ 44. Ke1 Nh5 45. Qb3 Qf4 46. Qe3 Qxe3+ 47. fxe3 bxc4 48. Nxc4 Kf8 49. Ke2 Ng3+ 50. Kf3 Nf5 51. h5 Ke7 52. Kf4 Ke6 53. Na5 Ne7 54. Nb3 Nd5+ 55. Ke4 Nc3+ 56. Kd4 Nxa2 57. Nc5+ Ke7 58. Nxa6 Nc1 59. Ke4 Ne2 60. Kf3 Nc3 61. Nc5 Nd5 62. Ke4 Nb6 63. Kf5 Nd5 64. Ke4 Nc3+ 65. Kf5 Nd1 66. Ke4 Nc3+ 67. Kf5 Nb5 68. Ke4 g6 69. e6 Nd6+ 70. Kd5 g5 71. exf7 Nxf7 72. Nd3 Nd6 73. e4 Ne8 74. Nf2 Nf6+ 75. Ke5 Kf7 76. Nh3 Ng4+ 77. Kf5 Ne3+ 78. Ke5 Nc4+ 79. Kf5 Ne3+ 80. Ke5 Kg7 81. Nf2 Nf1 82. Kf5 Ng3+ 83. Kg4 Nf1 84. Kf5 Ne3+ 85. Ke5 Kh7 86. Nh3 Nf1 87. Kf6 Ng3 88. Nxg5+ 1/2-1/2

[Event "Berazategui op"]
[Site "Berazategui ARG"]
[Date "2007.04.18"]
[Round "1.5"]
[White "Dominguez Marquez, Juan Carlos"]
[Black "Kovalyov, Anton"]
[Result "0-1"]
[WhiteElo "1896"]
[BlackElo "2483"]
[PlyCount "38"]
[GameId "2129405105449795"]
[EventDate "2007.04.18"]
[EventType "swiss"]
[EventRounds "7"]
[EventCountry "ARG"]

1. Nf3 Nf6 2. Nc3 c5 3. e4 d6 4. d4 cxd4 5. Nxd4 a6 6. g3 e5 7. Nf3 Nbd7 8. Bg5 Be7 9. Nd5 Nxd5 10. Qxd5 Bxg5 11. h4 Be7 12. Bc4 O-O 13. Nh2 Nb6 14. Qd3 Nxc4 15. Qxc4 Be6 16. Qc3 Rc8 17. Qd2 Qb6 18. O-O Rfd8 19. Ng4 Bxg4 0-1

[Event "Mar del Plata op"]
[Site "Mar del Plata ARG"]
[Date "2007.04.01"]
[Round "2"]
[White "Kovalyov, Anton"]
[Black "Cori Tello, Deysi Estella"]
[Result "1-0"]
[WhiteElo "2475"]
[BlackElo "2125"]
[PlyCount "85"]
[GameId "2129405106017109"]
[EventDate "2007.03.31"]
[EventType "swiss"]
[EventRounds "9"]
[EventCountry "ARG"]
[SourceTitle "The Week in Chess 648"]
[Source "Mark Crowther"]
[SourceDate "2007.04.09"]
[SourceVersion "2"]
[SourceVersionDate "2007.04.11"]
[SourceQuality "2"]

1. c4 Nf6 2. Nc3 g6 3. d4 Bg7 4. e4 d6 5. Be2 O-O 6. Bg5 h6 7. Be3 c5 8. d5 Kh7 9. h3 e5 10. dxe6 Bxe6 11. Nf3 Nc6 12. Rc1 Qa5 13. O-O Rad8 14. b3 Rfe8 15. Bd2 Qc7 16. Re1 a6 17. Bd3 Nd7 18. Bb1 Qb8 19. Nh4 Nf6 20. f4 Bc8 21. Bd3 b6 22. Nf3 Nb4 23. Bf1 Bb7 24. a3 Nc6 25. Bd3 Nd7 26. Be3 Na7 27. Nd2 Nc6 28. Kh1 Nd4 29. b4 Qa8 30. Nd5 Bxd5 31. cxd5 b5 32. Bb1 a5 33. bxc5 dxc5 34. d6 Qb8 35. e5 Qb6 36. Bxd4 cxd4 37. Nb3 Rc8 38. Rxc8 Rxc8 39. Qg4 Rd8 40. h4 d3 41. Bxd3 Qf2 42. Rf1 Qe3 43. Qf3 1-0

[Event "Mar del Plata op"]
[Site "Mar del Plata ARG"]
[Date "2007.04.01"]
[Round "3"]
[White "Rodi, Luis Ernesto"]
[Black "Kovalyov, Anton"]
[Result "0-1"]
[WhiteElo "2291"]
[BlackElo "2475"]
[PlyCount "112"]
[GameId "2129405106017120"]
[EventDate "2007.03.31"]
[EventType "swiss"]
[EventRounds "9"]
[EventCountry "ARG"]
[SourceTitle "The Week in Chess 648"]
[Source "Mark Crowther"]
[SourceDate "2007.04.09"]
[SourceVersion "2"]
[SourceVersionDate "2007.04.11"]
[SourceQuality "2"]

1. d4 Nf6 2. Bg5 e6 3. e4 h6 4. Bxf6 Qxf6 5. Nc3 Bb4 6. Qd3 Nc6 7. Nf3 d6 8. a3 Ba5 9. O-O-O Bd7 10. e5 dxe5 11. dxe5 Qe7 12. Ne4 O-O-O 13. Qc4 Bb6 14. Bd3 Kb8 15. Qc3 Rhe8 16. Kb1 a6 17. Rhf1 Na7 18. Qb4 Qxb4 19. axb4 Bc6 20. Nfd2 Rd4 21. f3 Red8 22. Nc4 Nc8 23. Be2 Rxd1+ 24. Rxd1 Rxd1+ 25. Bxd1 Bg1 26. h3 Bh2 27. Nc5 b6 28. Nd3 Ne7 29. b3 Ng6 30. Kc1 Be8 31. Kd2 b5 32. Na5 Nxe5 33. Nc5 Bf4+ 34. Ke2 Ka7 35. c4 Nc6 36. Nxc6+ Bxc6 37. Nd3 Bg3 38. Bc2 Kb6 39. Nc5 Bd6 40. Nd3 Kb7 41. Kf2 Be8 42. Ke3 Be7 43. f4 Kb6 44. c5+ Kb7 45. Ne5 a5 46. c6+ Ka6 47. bxa5 Kxa5 48. Bd1 Bc5+ 49. Kd3 Bd6 50. Nd7 Bxf4 51. Bf3 Kb4 52. Kc2 f6 53. Nf8 Bf7 54. Kb2 Be5+ 55. Kc2 Bd6 56. Nd7 e5 0-1

[Event "Mar del Plata op"]
[Site "Mar del Plata ARG"]
[Date "2007.04.02"]
[Round "4"]
[White "Kovalyov, Anton"]
[Black "Pacheco, Marco"]
[Result "1-0"]
[WhiteElo "2475"]
[BlackElo "2362"]
[PlyCount "95"]
[GameId "2129405106017124"]
[EventDate "2007.03.31"]
[EventType "swiss"]
[EventRounds "9"]
[EventCountry "ARG"]
[SourceTitle "The Week in Chess 648"]
[Source "Mark Crowther"]
[SourceDate "2007.04.09"]
[SourceVersion "2"]
[SourceVersionDate "2007.04.11"]
[SourceQuality "2"]

1. c4 e5 2. Nc3 Nf6 3. Nf3 Nc6 4. a3 d5 5. cxd5 Nxd5 6. Qc2 Nb6 7. e3 Bd6 8. Bd3 a5 9. b3 h6 10. Bb2 O-O 11. Be2 f5 12. d3 Be6 13. O-O Qe7 14. Nd2 Nd7 15. Nb5 Nf6 16. Rfc1 Qf7 17. Nc4 Rad8 18. Bc3 Bd5 19. Bf1 f4 20. Nbxd6 cxd6 21. exf4 exf4 22. f3 Qg6 23. Qf2 Nh7 24. Kh1 Ng5 25. Rab1 Qh5 26. Nd2 Qf7 27. b4 axb4 28. axb4 Ne7 29. Ne4 Nf5 30. Bd2 Ne6 31. Nc3 Qh5 32. Nxd5 Ng3+ 33. Kg1 Nxf1 34. Ne7+ Kf7 35. Rxf1 Kxe7 36. Rfe1 Kf7 37. Re4 Qf5 38. Rbe1 Rfe8 39. Qb6 Qd5 40. Rxe6 Rxe6 41. Qxd8 Qd4+ 42. Kh1 Rxe1+ 43. Bxe1 Qxd3 44. Qb6 d5 45. Qxb7+ Kg8 46. Qb6 d4 47. Qe6+ Kh8 48. Qe8+ 1-0

[Event "Mar del Plata op"]
[Site "Mar del Plata ARG"]
[Date "2007.04.04"]
[Round "6"]
[White "Goldwaser, Christian"]
[Black "Kovalyov, Anton"]
[Result "0-1"]
[WhiteElo "2374"]
[BlackElo "2475"]
[PlyCount "62"]
[GameId "2129405106017136"]
[EventDate "2007.03.31"]
[EventType "swiss"]
[EventRounds "9"]
[EventCountry "ARG"]
[SourceTitle "The Week in Chess 648"]
[Source "Mark Crowther"]
[SourceDate "2007.04.09"]
[SourceVersion "2"]
[SourceVersionDate "2007.04.11"]
[SourceQuality "2"]

1. Nf3 Nf6 2. c4 e6 3. Nc3 c5 4. e4 Nc6 5. Be2 b6 6. d4 cxd4 7. Nxd4 Bb4 8. O-O O-O 9. Ndb5 a6 10. Nd6 Qc7 11. Nxc8 Rfxc8 12. Na4 Nxe4 13. Bf3 Nf6 14. Bg5 Be7 15. Qd2 Rab8 16. Bxf6 Bxf6 17. Rac1 h6 18. Bxc6 Qxc6 19. b3 Bg5 20. f4 Be7 21. Rcd1 Rd8 22. f5 Bg5 23. Qf2 Bf6 24. Qg3 b5 25. Rd6 Qc7 26. fxe6 dxe6 27. Rxd8+ Bxd8 28. Qxc7 Bxc7 29. cxb5 axb5 30. Nc3 Be5 31. Ne4 Ra8 0-1

[Event "Mar del Plata op"]
[Site "Mar del Plata ARG"]
[Date "2007.04.04"]
[Round "6"]
[White "Kovalyov, Anton"]
[Black "Mussanti, Diego"]
[Result "1-0"]
[WhiteElo "2475"]
[BlackElo "2316"]
[PlyCount "51"]
[GameId "2129405106017137"]
[EventDate "2007.03.31"]
[EventType "swiss"]
[EventRounds "9"]
[EventCountry "ARG"]
[SourceTitle "The Week in Chess 648"]
[Source "Mark Crowther"]
[SourceDate "2007.04.09"]
[SourceVersion "2"]
[SourceVersionDate "2007.04.11"]
[SourceQuality "2"]

1. c4 e6 2. Nc3 d5 3. d4 Nf6 4. cxd5 exd5 5. Bg5 Be7 6. e3 O-O 7. Qc2 c6 8. Bd3 Nbd7 9. Nge2 Re8 10. O-O Nf8 11. f3 Be6 12. Bh4 Rc8 13. Kh1 c5 14. dxc5 Rxc5 15. Nd4 N6d7 16. Bf2 Ne5 17. Nxe6 fxe6 18. Bb5 Nc6 19. Qe2 a6 20. Bd3 Ne5 21. Rad1 Nxd3 22. Rxd3 Bf6 23. e4 Ra5 24. b4 Ra3 25. e5 Qc8 26. Qb2 1-0

[Event "Mar del Plata op"]
[Site "Mar del Plata ARG"]
[Date "2007.04.06"]
[Round "8"]
[White "Rodriguez, And ESP"]
[Black "Kovalyov, Anton"]
[Result "1/2-1/2"]
[WhiteElo "2306"]
[BlackElo "2475"]
[PlyCount "129"]
[GameId "2129405106017154"]
[EventDate "2007.03.31"]
[EventType "swiss"]
[EventRounds "9"]
[EventCountry "ARG"]
[SourceTitle "The Week in Chess 649"]
[Source "Mark Crowther"]
[SourceDate "2007.04.16"]
[SourceVersion "1"]
[SourceVersionDate "2007.04.16"]
[SourceQuality "2"]

1. f4 Nf6 2. d3 d5 3. Nf3 b6 4. g3 Bb7 5. Bg2 g6 6. O-O Bg7 7. c3 O-O 8. Na3 Nbd7 9. h3 e6 10. Nc2 a5 11. g4 Ne8 12. Qe1 Nd6 13. Qg3 Qe7 14. Kh1 f6 15. Bd2 Rae8 16. h4 e5 17. fxe5 fxe5 18. Bg5 Qe6 19. Rf2 h6 20. Bd2 Nc5 21. Raf1 Qe7 22. Kg1 Rf7 23. b4 axb4 24. cxb4 Nd7 25. a4 Ref8 26. a5 e4 27. Nh2 Be5 28. Rxf7 Rxf7 29. Qh3 Kh7 30. d4 Bg7 31. Bf4 Nf8 32. Qg3 Nc4 33. axb6 cxb6 34. e3 Ne6 35. Bb8 Rf8 36. Rxf8 Qxf8 37. Nf1 Bc6 38. g5 h5 39. Bh3 Qe7 40. Qf2 Bd7 41. Kh2 Qf8 42. Qxf8 Bxf8 43. Ng3 Be7 44. Ne2 Ba4 45. Bxe6 Bxc2 46. Bf4 Bxb4 47. Bxd5 Nb2 48. Bc6 Bd3 49. Ng3 Kg7 50. d5 Nc4 51. Kg2 Bc5 52. Kf2 Nd6 53. Ne2 Nf5 54. Nc3 Bd6 55. Bd7 Bxf4 56. Bxf5 Be5 57. Bxe4 Bxc3 58. Bxd3 Be5 59. Kf3 Kf7 60. Bc4 Ke7 61. Ba6 Bd6 62. Be2 Be5 63. Bd3 Kf7 64. Be2 Ke7 65. Bd3 1/2-1/2

[Event "Mar del Plata op"]
[Site "Mar del Plata ARG"]
[Date "2007.04.07"]
[Round "9"]
[White "Kovalyov, Anton"]
[Black "Pierrot, Juan Facundo"]
[Result "1/2-1/2"]
[WhiteElo "2475"]
[BlackElo "2437"]
[PlyCount "108"]
[GameId "2129405106017161"]
[EventDate "2007.03.31"]
[EventType "swiss"]
[EventRounds "9"]
[EventCountry "ARG"]
[SourceTitle "The Week in Chess 649"]
[Source "Mark Crowther"]
[SourceDate "2007.04.16"]
[SourceVersion "1"]
[SourceVersionDate "2007.04.16"]
[SourceQuality "2"]

1. c4 c5 2. Nf3 Nc6 3. d4 cxd4 4. Nxd4 Nf6 5. Nc3 e6 6. a3 Be7 7. e4 d6 8. Be3 O-O 9. Be2 a6 10. O-O Bd7 11. Nb3 Rc8 12. Nd2 Qc7 13. Rc1 Qb8 14. f4 Rfe8 15. Kh1 Bf8 16. Bg1 Ne7 17. Bd3 b5 18. cxb5 axb5 19. b4 Ng6 20. Be3 Rc7 21. Nb3 Rec8 22. Qd2 Ng4 23. Bg1 e5 24. fxe5 N6xe5 25. Nd5 Rxc1 26. Nxc1 Be6 27. Be2 Nc4 28. Bxc4 Rxc4 29. Qe2 Qa8 30. Nb6 Qxa3 31. Nxc4 Bxc4 32. Qf3 Qxb4 33. Nd3 Qc3 34. Rd1 Nf6 35. Ne1 Qe5 36. Bd4 Qxe4 37. Bxf6 Qxf3 38. Nxf3 gxf6 39. Nd4 b4 40. Rb1 d5 41. Nc6 Bd3 42. Rb2 Be4 43. Nxb4 d4 44. Rd2 Bc5 45. Nd3 Bb6 46. Nf2 f5 47. Kg1 d3 48. Kf1 Be3 49. Rd1 Bxf2 50. Kxf2 f4 51. Rc1 Kg7 52. g3 fxg3+ 53. hxg3 Kf6 54. Ke3 Bg6 1/2-1/2

[Event "Mar del Plata op"]
[Site "Mar del Plata ARG"]
[Date "2006.04.09"]
[Round "3"]
[White "Herrera, Martin"]
[Black "Kovalyov, Anton"]
[Result "0-1"]
[WhiteElo "2197"]
[BlackElo "2309"]
[PlyCount "39"]
[GameId "2129405113302898"]
[EventDate "2006.04.08"]
[EventType "swiss"]
[EventRounds "9"]
[EventCountry "ARG"]
[SourceTitle "The Week in Chess 597"]
[Source "Mark Crowther"]
[SourceDate "2006.04.17"]
[SourceVersion "1"]
[SourceVersionDate "2006.04.17"]
[SourceQuality "2"]

1. e4 e6 2. d4 d5 3. Nc3 Bb4 4. e5 Qd7 5. a3 Bxc3+ 6. bxc3 b6 7. Qg4 f5 8. Qg3 Ba6 9. Ne2 Nc6 10. h4 O-O-O 11. a4 Re8 12. Ba3 Nh6 13. Qf4 Bc4 14. Rh3 Nf7 15. Bb4 a5 16. Ba3 g6 17. Bc1 h6 18. Qg3 Reg8 19. Nf4 Bxf1 20. Kxf1 0-1

[Event "Mar del Plata op"]
[Site "Mar del Plata ARG"]
[Date "2006.04.11"]
[Round "5"]
[White "Bibiloni, Jorge Jaime"]
[Black "Kovalyov, Anton"]
[Result "0-1"]
[WhiteElo "2171"]
[BlackElo "2309"]
[PlyCount "110"]
[GameId "2129405113302914"]
[EventDate "2006.04.08"]
[EventType "swiss"]
[EventRounds "9"]
[EventCountry "ARG"]
[SourceTitle "The Week in Chess 597"]
[Source "Mark Crowther"]
[SourceDate "2006.04.17"]
[SourceVersion "1"]
[SourceVersionDate "2006.04.17"]
[SourceQuality "2"]

1. e4 c5 2. Nf3 d6 3. d4 cxd4 4. Nxd4 Nf6 5. Nc3 a6 6. Bc4 e6 7. Bb3 Nbd7 8. Bg5 Qa5 9. Qd2 Be7 10. O-O Nc5 11. Bxf6 Bxf6 12. Rad1 Qc7 13. f4 O-O 14. Nde2 Rd8 15. g4 b5 16. g5 Bxc3 17. Qxc3 Qa7 18. Qd4 Nxe4 19. Qxa7 Rxa7 20. Rd4 Nc5 21. Rfd1 Rad7 22. Nc3 Bb7 23. a4 Bc6 24. axb5 axb5 25. Rb4 Na6 26. Rbd4 Kf8 27. Ra1 Ra8 28. Kf2 Ke7 29. Ra5 Nc7 30. Rxa8 Nxa8 31. Rb4 Nc7 32. Ne2 Na6 33. Rd4 Ra7 34. Rd3 Nc5 35. Rh3 Be4 36. Nd4 Rb7 37. Re3 Kd7 38. Ke2 d5 39. Nf3 Nxb3 40. Ne5+ Kd6 41. cxb3 b4 42. Nd3 f6 43. Rg3 Bg6 44. Kd2 e5 45. fxe5+ fxe5 46. Rg1 Bxd3 47. Kxd3 Rf7 48. g6 Rf3+ 49. Kc2 Rf2+ 50. Kd3 Rxh2 51. gxh7 Rh3+ 52. Kc2 Rxh7 53. Rg5 Ke6 54. Rg4 e4 55. Rg6+ Ke5 0-1

[Event "Mar del Plata op"]
[Site "Mar del Plata ARG"]
[Date "2006.04.13"]
[Round "7"]
[White "Rodi, Luis Ernesto"]
[Black "Kovalyov, Anton"]
[Result "0-1"]
[WhiteElo "2236"]
[BlackElo "2309"]
[PlyCount "138"]
[GameId "2129405113302941"]
[EventDate "2006.04.08"]
[EventType "swiss"]
[EventRounds "9"]
[EventCountry "ARG"]
[SourceTitle "The Week in Chess 597"]
[Source "Mark Crowther"]
[SourceDate "2006.04.17"]
[SourceVersion "1"]
[SourceVersionDate "2006.04.17"]
[SourceQuality "2"]

1. d4 d5 2. Bg5 f6 3. Bf4 c5 4. e3 cxd4 5. exd4 Nc6 6. c4 e6 7. Nf3 Bb4+ 8. Nc3 Nge7 9. Bd3 dxc4 10. Bxc4 Nd5 11. Bd2 Nb6 12. Bb5 O-O 13. a3 Bd6 14. O-O Ne7 15. Qc2 Bd7 16. Bd3 Kh8 17. Bxh7 f5 18. Ng5 Rf6 19. f4 Qe8 20. Nge4 fxe4 21. Nxe4 Rc8 22. Bc3 Bb8 23. Nxf6 gxf6 24. Be4 Nbd5 25. Qd2 f5 26. Bd3 Ng6 27. g3 Qg8 28. Kf2 Kg7 29. Be2 Qh7 30. Kg1 Kf7 31. Bf3 Bc6 32. Rae1 Nge7 33. Qe2 Bd7 34. Rc1 Rg8 35. Bg2 Bc6 36. Bd2 a6 37. Rfe1 Rg6 38. Qf2 Ke8 39. Re2 Kd7 40. Ree1 Ng8 41. Qe2 Qg7 42. Rxc6 bxc6 43. Bxd5 cxd5 44. Be3 Ke7 45. Qxa6 Kf6 46. Bd2 Qd7 47. a4 Ba7 48. Be3 Ne7 49. Rc1 Rg8 50. b4 Ra8 51. b5 Rb8 52. Qa5 Bb6 53. Qb4 Ra8 54. Ra1 Qc7 55. Qd2 Qc4 56. Qd1 Kf7 57. Qh5+ Ng6 58. Qd1 Ke7 59. Bf2 Kd7 60. h4 Ne7 61. Kg2 Nc8 62. h5 Nd6 63. h6 Ne4 64. Bg1 Qc3 65. Qe1 Qc2+ 66. Kf3 Nd2+ 67. Ke2 Nb3+ 68. Kf3 Nxa1 69. Qe5 Qe4+ 0-1

[Event "Mar del Plata op"]
[Site "Mar del Plata ARG"]
[Date "2006.04.14"]
[Round "8"]
[White "Kovalyov, Anton"]
[Black "Ripari, Marcelo"]
[Result "1-0"]
[WhiteElo "2309"]
[BlackElo "2324"]
[PlyCount "99"]
[GameId "2129405113302951"]
[EventDate "2006.04.08"]
[EventType "swiss"]
[EventRounds "9"]
[EventCountry "ARG"]
[SourceTitle "The Week in Chess 597"]
[Source "Mark Crowther"]
[SourceDate "2006.04.17"]
[SourceVersion "1"]
[SourceVersionDate "2006.04.17"]
[SourceQuality "2"]

1. c4 Nf6 2. Nf3 g6 3. Nc3 d5 4. cxd5 Nxd5 5. Qa4+ Bd7 6. Qb3 Nb6 7. d4 Bg7 8. Bf4 O-O 9. Rd1 a5 10. e3 a4 11. Qc2 Na6 12. Be2 Nb4 13. Qd2 N4d5 14. Nxd5 Nxd5 15. Bg3 c6 16. O-O Nf6 17. Qb4 Ra7 18. Qa3 Ne4 19. Bf4 Be6 20. Bd3 Bd5 21. b4 Qc8 22. Nd2 Nxd2 23. Rxd2 f5 24. Rc1 Qe6 25. b5 h6 26. h4 Raa8 27. Rdc2 Rfc8 28. Qb4 Kh7 29. Bc4 Bxc4 30. Qxc4 Qf6 31. Be5 Qf8 32. Bxg7 Kxg7 33. Qe6 Qf7 34. Qe5+ Qf6 35. Qxf6+ Kxf6 36. bxc6 Rc7 37. cxb7 Rxb7 38. Rc6+ Kf7 39. h5 gxh5 40. Rxh6 Rb2 41. Rc7 Re8 42. d5 Kg7 43. Re6 Kf7 44. Ra6 Rxa2 45. d6 Rd2 46. dxe7 Rxe7 47. Rc5 Rd1+ 48. Kh2 Re6 49. Rxf5+ Kg6 50. Rfa5 1-0

[Event "American Continental"]
[Site "Buenos Aires ARG"]
[Date "2005.08.08"]
[Round "3"]
[White "Cordova, Emilio"]
[Black "Kovalyov, Anton"]
[Result "1-0"]
[WhiteElo "2422"]
[BlackElo "2234"]
[PlyCount "53"]
[GameId "2129405118028400"]
[EventDate "2005.08.06"]
[EventType "swiss"]
[EventRounds "11"]
[EventCountry "ARG"]
[SourceTitle "The Week in Chess 562"]
[Source "Mark Crowther"]
[SourceDate "2005.08.15"]
[SourceVersion "1"]
[SourceVersionDate "2005.08.15"]
[SourceQuality "2"]

1. d4 d5 2. Bg5 f6 3. Bh4 Nh6 4. f3 Nc6 5. e4 dxe4 6. d5 Nf5 7. fxe4 Nxh4 8. Qh5+ Ng6 9. dxc6 bxc6 10. Nc3 Be6 11. Nf3 Qb8 12. O-O-O Bf7 13. Qc5 Qb6 14. Qd4 Be6 15. Qa4 Rb8 16. b3 Qc5 17. Nd5 Bxd5 18. Rxd5 Qe3+ 19. Kb2 Rb6 20. Rd3 Qf2 21. Rc3 Kd7 22. Bc4 e5 23. Rd1+ Bd6 24. Rd2 Qc5 25. Be6+ Kxe6 26. Rxc5 Bxc5 27. Qc4+ 1-0

[Event "American Continental"]
[Site "Buenos Aires ARG"]
[Date "2005.08.09"]
[Round "4"]
[White "Needleman, Alejandro"]
[Black "Kovalyov, Anton"]
[Result "1/2-1/2"]
[WhiteElo "2394"]
[BlackElo "2234"]
[PlyCount "99"]
[GameId "2129405118036705"]
[EventDate "2005.08.06"]
[EventType "swiss"]
[EventRounds "11"]
[EventCountry "ARG"]
[SourceTitle "The Week in Chess 562"]
[Source "Mark Crowther"]
[SourceDate "2005.08.15"]
[SourceVersion "1"]
[SourceVersionDate "2005.08.15"]
[SourceQuality "2"]

1. e4 c5 2. Nc3 d6 3. f4 g6 4. Nf3 Bg7 5. Bc4 Nc6 6. d3 e6 7. f5 Nf6 8. fxe6 fxe6 9. Bg5 Ne5 10. Nxe5 dxe5 11. O-O O-O 12. Bxf6 Bxf6 13. Qg4 Qe7 14. g3 Bd7 15. h4 Kg7 16. Rf2 Rf7 17. Raf1 Raf8 18. Kg2 h6 19. a4 Bc8 20. Nd1 Kh7 21. Ne3 Bg7 22. Rxf7 Rxf7 23. h5 g5 24. Rxf7 Qxf7 25. Qe2 Qf8 26. Qf3 Qxf3+ 27. Kxf3 Kg8 28. Ke2 Kf8 29. a5 Ke7 30. Bb5 Kf6 31. Ng4+ Ke7 32. Kd2 Kd6 33. Kc3 b6 34. a6 Kc7 35. Ne3 Bf6 36. Nc4 Bg7 37. Na3 Bf8 38. Kb3 Be7 39. c3 Bf6 40. Bc4 g4 41. Nb5+ Kb8 42. Nd6 Bd7 43. Kc2 Kc7 44. Nb5+ Bxb5 45. Bxb5 Bh4 46. Bc4 Kd6 47. d4 Bxg3 48. dxc5+ Kxc5 49. Bxe6 Kb5 50. Bxg4 1/2-1/2

[Event "American Continental"]
[Site "Buenos Aires ARG"]
[Date "2005.08.10"]
[Round "5"]
[White "Kovalyov, Anton"]
[Black "Blanco Fernandez, Alvaro"]
[Result "1-0"]
[WhiteElo "2234"]
[BlackElo "2367"]
[PlyCount "35"]
[GameId "2129405118036764"]
[EventDate "2005.08.06"]
[EventType "swiss"]
[EventRounds "11"]
[EventCountry "ARG"]
[SourceTitle "The Week in Chess 562"]
[Source "Mark Crowther"]
[SourceDate "2005.08.15"]
[SourceVersion "1"]
[SourceVersionDate "2005.08.15"]
[SourceQuality "2"]

1. c4 e6 2. Nf3 d5 3. d4 c6 4. e3 g6 5. Nc3 Bg7 6. e4 dxe4 7. Nxe4 h6 8. Bf4 g5 9. Be5 Kf8 10. Bd6+ Ne7 11. Ne5 Kg8 12. Qh5 Qe8 13. Bxb8 Rxb8 14. Nd6 Qd8 15. Qxf7+ Kh7 16. Nxc8 Rxc8 17. Bd3+ Nf5 18. Qxe6 1-0

[Event "American Continental"]
[Site "Buenos Aires ARG"]
[Date "2005.08.12"]
[Round "7"]
[White "Kovalyov, Anton"]
[Black "Monier, Raul"]
[Result "1-0"]
[WhiteElo "2234"]
[BlackElo "2412"]
[PlyCount "79"]
[GameId "2129405118036912"]
[EventDate "2005.08.06"]
[EventType "swiss"]
[EventRounds "11"]
[EventCountry "ARG"]
[SourceTitle "The Week in Chess 562"]
[Source "Mark Crowther"]
[SourceDate "2005.08.15"]
[SourceVersion "1"]
[SourceVersionDate "2005.08.15"]
[SourceQuality "2"]

1. c4 e5 2. g3 c6 3. d4 e4 4. Nc3 d5 5. cxd5 cxd5 6. Qb3 Nc6 7. Qxd5 Qxd5 8. Nxd5 Nxd4 9. Nc7+ Kd8 10. Nxa8 Nc2+ 11. Kd1 Nxa1 12. Bf4 Be6 13. b3 Nxb3 14. axb3 Bxb3+ 15. Kc1 Ba3+ 16. Kb1 Nf6 17. Nc7 a6 18. e3 Ng4 19. Nh3 h6 20. Be2 g5 21. Bxg4 gxf4 22. Nd5 fxe3 23. fxe3 Re8 24. Nc3 Re5 25. Bd1 Bc4 26. Bc2 f5 27. Rd1+ Kc7 28. Nf4 b5 29. Nce2 a5 30. Nd4 a4 31. h3 Bb4 32. Nfe2 Kb6 33. Ka1 Rc5 34. Nc1 Bc3+ 35. Kb1 Ka5 36. Nce2 Kb4 37. g4 fxg4 38. hxg4 Rc7 39. Bxe4 a3 40. Nxc3 1-0

[Event "American Continental"]
[Site "Buenos Aires ARG"]
[Date "2005.08.13"]
[Round "8"]
[White "Castro Rojas, Oscar Humberto"]
[Black "Kovalyov, Anton"]
[Result "1/2-1/2"]
[WhiteElo "2385"]
[BlackElo "2234"]
[PlyCount "88"]
[GameId "2129405118045160"]
[EventDate "2005.08.06"]
[EventType "swiss"]
[EventRounds "11"]
[EventCountry "ARG"]
[SourceTitle "The Week in Chess 562"]
[Source "Mark Crowther"]
[SourceDate "2005.08.15"]
[SourceVersion "1"]
[SourceVersionDate "2005.08.15"]
[SourceQuality "2"]

1. e4 c5 2. Nc3 e6 3. g3 Nc6 4. Bg2 g6 5. d3 Bg7 6. Be3 d6 7. Qe2 h5 8. h3 Nge7 9. f4 Rb8 10. Nf3 Nd4 11. Nh4 b5 12. Nd1 Bf6 13. c3 Bxh4 14. gxh4 Ndc6 15. O-O Qc7 16. b4 cxb4 17. cxb4 Bb7 18. Rc1 Qd7 19. Qb2 O-O 20. f5 exf5 21. Bh6 Ne5 22. Bxf8 Rxf8 23. Qe2 N7c6 24. a3 fxe4 25. dxe4 Nc4 26. Ne3 N6e5 27. Nxc4 bxc4 28. Qe3 Ra8 29. Qd4 Qe7 30. Rcd1 Qxh4 31. Qf2 Qxf2+ 32. Rxf2 Rd8 33. Rd4 Kf8 34. Rc2 Bc6 35. Kf2 Ba4 36. Rc3 Ke7 37. Rd5 Bc6 38. Ra5 Rd7 39. b5 Ba8 40. b6 f5 41. Ke3 fxe4 42. Rxa7 Rxa7 43. bxa7 d5 44. Rc2 Nc6 1/2-1/2

[Event "American Continental"]
[Site "Buenos Aires ARG"]
[Date "2005.08.14"]
[Round "9"]
[White "Kovalyov, Anton"]
[Black "Zambrana, Oswaldo"]
[Result "0-1"]
[WhiteElo "2234"]
[BlackElo "2421"]
[PlyCount "118"]
[GameId "2129405118045261"]
[EventDate "2005.08.06"]
[EventType "swiss"]
[EventRounds "11"]
[EventCountry "ARG"]
[SourceTitle "The Week in Chess 554"]
[Source "Mark Crowther"]
[SourceDate "2005.08.29"]
[SourceVersion "1"]
[SourceVersionDate "2005.08.29"]
[SourceQuality "2"]

1. c4 g6 2. Nf3 Bg7 3. d4 Nf6 4. g3 O-O 5. Bg2 c6 6. O-O d5 7. Ne5 Ne4 8. Qc2 Be6 9. e3 Nd7 10. Nd3 Bf5 11. g4 Be6 12. Nf4 Nd6 13. c5 Bxg4 14. cxd6 e5 15. dxe5 Nxe5 16. f3 Bc8 17. Nc3 Qxd6 18. Bd2 Nc4 19. Rae1 Bf5 20. Qc1 Rad8 21. Nd1 Nxd2 22. Qxd2 d4 23. Kh1 Bh6 24. Nh3 Qe6 25. Ng1 dxe3 26. Qb4 Bd3 27. Ne2 Ba6 28. Ndc3 Rd2 29. f4 Re8 30. f5 Qc4 31. Qxc4 Bxc4 32. b3 Bd3 33. fxg6 hxg6 34. Rf3 Bg7 35. Bf1 b5 36. Kg1 c5 37. a4 a6 38. axb5 axb5 39. Nd1 Bd4 40. Nxd4 cxd4 41. Bxd3 Rxd3 42. b4 Kg7 43. Kg2 Rb3 44. Rf4 Rd3 45. Rf3 f5 46. h4 Kf6 47. Kh3 Rb3 48. Kg3 Rb1 49. Rf4 e2 50. Rxd4 Rxd1 51. Rexd1 exd1=Q 52. Rxd1 Re3+ 53. Kf2 Re4 54. Rd6+ Ke5 55. Rxg6 Rxb4 56. Rg3 Rxh4 57. Re3+ Re4 58. Rb3 b4 59. Kf3 Kd5 0-1